000 00248nam a2200109Ia 4500
008 220204s9999 xx 000 0 und d
082 _a82-3
_bGAY
100 _aGayle, Pamela
245 0 _aVallamont
260 _aNew York
_bPocket
_c1979
942 _cBK
999 _c32132
_d32132